La Meva història de guerra /
ISBN:
9788419695956
Descripción Física:
284 pàgines: il·lustracions ; 22 cm
Colección:
Memòries (Memorial Democràtic (Catalunya))
; 7
Materias:
Pericot, Joan, -- 1907-1987
; Guerra Civil Espanyola, 1936-1939.
; Espanya
; Catalunya -- Història -- 1936-1939, Guerra Civil -- Relats personals.
; Ebre, Batalla de l', 1938 -- Relats personals
; Memòries
Idioma:
Catalán
MARC
| LEADER | 00000cam a22000008i 4500 | ||
|---|---|---|---|
| 001 | 28389 | ||
| 003 | AGDB | ||
| 005 | 20260324181521.0 | ||
| 008 | 231122s2023 spcaco|f b||| 000 0bcat| | ||
| 017 | |a B 21559-2023 |b Biblioteca de Catalunya | ||
| 020 | |a 9788419695956 | ||
| 040 | |a ES-BaBC |b cat |e rda |c ES-BaBC | ||
| 043 | |a e-sp--- |b e-spc-- |2 catmarc | ||
| 080 | |a 929Pericot, Joan |2 2004 | ||
| 080 | |a 94 |x (460.23) |x "1936/1939" |x (093.3) |2 2004 | ||
| 100 | 1 | |a Pericot, Joan, |d 1907-1987, |e autor | |
| 245 | 1 | 3 | |a La Meva història de guerra / |c Joan Pericot Garcia ; Jordi Font Agulló i Lluís Serrano Jiménez (editors) |
| 264 | 1 | |a [Barcelona] : |b Memorial Democràtic ; |c [2023] | |
| 300 | |a 284 pàgines: |b il·lustracions ; |c 22 cm | ||
| 336 | |a text |b txt |2 rdacontent | ||
| 337 | |a sense mediació |b n |2 rdamedia | ||
| 338 | |a volum |b nc |2 rdacarrier | ||
| 490 | 1 | |a Col·lecció Memòries ; |v 7 | |
| 504 | |a Referències bibliogràfiques | ||
| 600 | 1 | 7 | |a Pericot, Joan, |d 1907-1987 |2 lemac |
| 600 | 1 | 7 | |a Pericot, Joan, |d 1907-1987 |2 cantic |
| 650 | 7 | |a Guerra Civil Espanyola, 1936-1939. |2 thub | |
| 651 | 7 | |a Espanya |2 thub | |
| 651 | 7 | |a Catalunya |x Història |y 1936-1939, Guerra Civil |v Relats personals. |2 lemac | |
| 651 | 7 | |a Ebre, Batalla de l', 1938 |v Relats personals |2 lemac | |
| 655 | 7 | |a Memòries |2 thub | |
| 700 | 1 | |a Font i Agulló, Jordi, |e editor literari | |
| 700 | 1 | |a Serrano, Lluís |q (Serrano Jiménez), |e editor literari | |
| 710 | 2 | |a Memorial Democràtic (Catalunya), |e editor | |
| 830 | 0 | |a Memòries (Memorial Democràtic (Catalunya)) ; |v 7 | |
| 908 | |a BC |a BMON |a UAB |a AHCB |a CLR |a BAB |a UPF |a URV |a UdL |a UdG |a BPA |a BPC |a CHCC |a ANC | ||
| 940 | |a BC | ||
| 942 | |2 udc |c ARXIU |n 1 | ||
| 952 | |0 0 |1 0 |4 0 |6 BIB1147 |7 1 |9 96760 |a Arxiu |b Arxiu |d 2024-02-26 |l 0 |o Bib-1147 |p 28389 |r 2024-02-26 00:00:00 |w 2024-02-26 |y ARXIU | ||
| 999 | |c 128606 |d 128606 | ||